00426nam a2200145Ia 4500100001800000942000700018654002200025245003400047260003200081082001100113300000800124546001200132999001700144952011900161 aTylecote/R.F  cBK aWelding Of Metals aSolid Phase Welding Of Metall bEdword arnoldaLondonc1968 a671.52 a334 aENGLISH c35665d35665 001040708AFTaCRCEbCRCEd2023-03-17eIBHg92.00i68892l0o671.52 pAFT1902r2023-03-17v92.00w2023-03-17yBK